00317nam a2200133Ia 4500008004100000041000800041082001700049100001200066245001600078250001400094260003200108300003200140365001100172240624s9999 xx 000 0 und d aeng a658.4092 OWE aOWEN JO aHOW TO LEAD a(3rd ed.) c2011aLondonbPrentice Hall axxvi, : 310 : p. : cm. ; 21 cRSb26